Ustojčivosť i stabilizacija dviženija po otnošeniju k časti peremennych /
Uložené v:
| Hlavní autori: | , |
|---|---|
| Médium: | Kniha |
| Jazyk: | Russian |
| Vydané: |
Moskva :
Nauka,
1987
|
| Vydanie: | 1. izd. |
| ISBN: |
(viaz.) |
| Fyzický popis: |
253 s. |
| Tagy: |
Pridať tag
Žiadne tagy, Buďte prvý kto otaguje tento záznam!
|
Titul je dostupný aj v ... 

MARC
| LEADER | 00000nam a2200000 a 4500 | ||
|---|---|---|---|
| 001 | 000290821 | ||
| 005 | 20061228074321.0 | ||
| 008 | 061228s1987 ru e 000 0 ruso | ||
| 020 | |a (viaz.) | ||
| 040 | |a SVKKK |b slo |c SVKKK |e AACR2 | ||
| 041 | 0 | |a rus | |
| 044 | |a ru |c RU | ||
| 100 | 1 | |a Rumjancev, Valentin Vitaľjevič |4 aut | |
| 245 | 1 | 0 | |a Ustojčivosť i stabilizacija dviženija po otnošeniju k časti peremennych / |c Valentin Vitaľjevič Rumjancev, Aleksandr Solomonovič Oziraner |
| 250 | |a 1. izd. | ||
| 260 | |a Moskva : |b Nauka, |c 1987 | ||
| 300 | |a 253 s. | ||
| 700 | 1 | |a Oziraner, Aleksandr Solomonovič |4 aut | |
| 998 | |a BK | ||
| 090 | |g SCKHL |k Sklad Pribinova 2. posch. |a II.313689 |j 763619 |i B94838 |s Absenčne | ||